000 01162nam a2200265Ia 4500
003 OSt
005 20221005104726.0
006 a|||||r|||| 00| 0
007 ta
008 221004b |||||||| |||| 00| 0 hin d
020 _c100
024 _a8760
037 _b20477, 08/01/2014, Hindi Madhyam Karyanvyan Nideshalye
_cTextual
040 _aCRL
_cCRL
_bhin
041 _2hin
_ahin
082 _aV2y7M69:g(V,6), 152P3
100 _aदत्त, महेश्वर
245 0 _aगांधी का पंचायती राज
_b अवधारणा एवं प्राांगिकता
246 _aGāandhī kā panchāyatī rāja: avadhāraṇā evan prāāangikatā
260 _aदिल्ली
_bविश्वविद्यालय हिन्दी माध्यम कार्यान्वय निदेशालय भारत
_c2003
300 _a99पृ0
_ccm.
650 _aविश्व-इतिहास
942 _hV2y7M69:g(V,6), 152P3
_cTEXL
_2cc
999 _c1013606
_d1013606